Hiihdon MM 2025: täydennä mitalistien nimet - Statistics

Yleistilastot
  • Tätä visaa on pelattu 137 kertaa
  • Keskiarvotulos 40 / 60
Vastaustilastot
% Oikein
M sprintti Johannes Høsflot Klæbo NOR
98%
M parisprintti Johannes Høsflot Klæbo NOR
98%
M skiathlon Johannes Høsflot Klæbo NOR
98%
M 50 km Johannes Høsflot Klæbo NOR
98%
M viesti Johannes Høsflot Klæbo NOR
98%
M sprintti Lauri Vuorinen FIN
97%
M parisprintti Lauri Vuorinen FIN
97%
M parisprintti Ristomatti Hakola FIN
94%
M sprintti Federico Pellegrino ITA
92%
N sprintti Jonna Sundling SWE
90%
N parisprintti Jonna Sundling SWE
90%
N skiathlon Jonna Sundling SWE
90%
N viesti Jonna Sundling SWE
90%
N 10 km Ebba Andersson SWE
89%
N skiathlon Ebba Andersson SWE
89%
N viesti Ebba Andersson SWE
89%
N parisprintti Jessie Diggins USA
82%
N 10 km Therese Johaug NOR
81%
N skiathlon Therese Johaug NOR
81%
N 50 km Therese Johaug NOR
81%
N viesti Therese Johaug NOR
81%
M 50 km William Poromaa SWE
81%
M viesti William Poromaa SWE
81%
N 10 km Frida Karlsson SWE
80%
N 50 km Frida Karlsson SWE
80%
N viesti Frida Karlsson SWE
80%
M parisprintti Erik Valnes NOR
79%
M 10 km Erik Valnes NOR
79%
M viesti Erik Valnes NOR
79%
M parisprintti Edvin Anger SWE
78%
M viesti Edvin Anger SWE
78%
M 10 km Harald Østberg Amundsen NOR
72%
M skiathlon Harald Østberg Amundsen NOR
72%
M viesti Harald Østberg Amundsen NOR
72%
N 50 km Heidi Weng NOR
71%
N viesti Heidi Weng NOR
71%
M 10 km Johannes Høsflot Klæbo NOR
69%
M skiathlon Martin Løwstrøm Nyenget NOR
68%
M viesti Martin Løwstrøm Nyenget NOR
68%
M 50 km Simen Hegstad Krüger NOR
66%
N sprintti Kristine Stavås Skistad NOR
54%
N parisprintti Maja Dahlqvist SWE
53%
M parisprintti Oskar Svensson SWE
52%
N parisprintti Julia Kern USA
48%
M viesti Jens Burman SWE
46%
M viesti Cyril Fähndrich SUI
41%
N sprintti Nadine Fähndrich SUI
41%
N viesti Emma Ribom SWE
41%
N viesti Astrid Øyre Slind NOR
41%
N viesti Victoria Carl GER
39%
N viesti Katharina Hennig GER
39%
N parisprintti Anja Weber SUI
39%
M viesti Valerio Grond SUI
37%
N viesti Pia Fink GER
36%
M viesti Truls Gisselman SWE
26%
N parisprintti Nadine Fähnrich SUI
23%
M viesti Jonas Baumann SUI
22%
N viesti Kristin Austgulen Fosnæs NOR
18%
N viesti Helen Hoffmann GER
12%
M viesti Jason Rüesch SUI
2%
Ehtoja vastaavia visoja ei löytynyt
Tulosjakauma
Jokaisen tuloksen saaneiden osuus
Persentiili vastausten määrän mukaan
Tuloshistoriasi
Et ole pelannut tätä visaa